<?xml version="1.0" encoding="UTF-8"?>
<record
    xmlns:xsi="http://www.w3.org/2001/XMLSchema-instance"
    xsi:schemaLocation="http://www.loc.gov/MARC21/slim http://www.loc.gov/standards/marcxml/schema/MARC21slim.xsd"
    xmlns="http://www.loc.gov/MARC21/slim">

  <leader>01890nam a2200205 a 4500</leader>
  <controlfield tag="008">180514s2015    ag  |||gr|||| 000 1 spa d</controlfield>
  <datafield tag="020" ind1=" " ind2=" ">
    <subfield code="a">9789501526271</subfield>
  </datafield>
  <datafield tag="041" ind1=" " ind2=" ">
    <subfield code="a">spa</subfield>
  </datafield>
  <datafield tag="092" ind1=" " ind2=" ">
    <subfield code="c">808</subfield>
    <subfield code="l">46</subfield>
    <subfield code="s">KOV</subfield>
  </datafield>
  <datafield tag="100" ind1="1" ind2=" ">
    <subfield code="a">Kovacic, Fabi&#xE1;n</subfield>
    <subfield code="9">4109</subfield>
  </datafield>
  <datafield tag="245" ind1=" " ind2=" ">
    <subfield code="a">Galeano.</subfield>
    <subfield code="b">La biografia /</subfield>
    <subfield code="c">Fabi&#xE1;n Kovacic</subfield>
  </datafield>
  <datafield tag="250" ind1=" " ind2=" ">
    <subfield code="a">2a ed.</subfield>
  </datafield>
  <datafield tag="260" ind1=" " ind2=" ">
    <subfield code="a">Buenos Aires:</subfield>
    <subfield code="b">Javier Vergara editor;</subfield>
    <subfield code="c">2015.</subfield>
  </datafield>
  <datafield tag="300" ind1=" " ind2=" ">
    <subfield code="a">368 p.</subfield>
    <subfield code="c">23x15 cm.</subfield>
  </datafield>
  <datafield tag="500" ind1=" " ind2=" ">
    <subfield code="a">Kovacic, F. (2015). Galeano. La biograf&#xED;a. (2a ed.). Buenos Aires : Javier Vergara editor.</subfield>
  </datafield>
  <datafield tag="505" ind1=" " ind2=" ">
    <subfield code="a">As&#xED; se define Eduardo Galeano, y as&#xED; eligen definirlo tambi&#xE9;n las p&#xE1;ginas de este libro. Cazar palabras como un modo de perpetuarse en los dem&#xE1;s y tambi&#xE9;n de retener en su vida las cosas y las personas m&#xE1;s amadas. Para Fabi&#xE1;n Kovacic, periodista y autor de esta vigorosa semblanza de Eduardo Galeano, ha sido un medio y fin. El fin es relatar la vida y la obra de una de las figuras m&#xE1;s destacadas de la literatura latinoamericana, y a la vez es un medio porque su relato sirve para pintar otros paisajes: el del Uruguay de comienzos del siglo XX, que se despertaba por entonces al mundo en ebullici&#xF3;n que hab&#xED;a dejado la Segunda Guerra Mundial; los dram&#xE1;ticos cambios pol&#xED;ticos y sociales  en Latinoam&#xE9;rica a partir de la Revoluci&#xF3;n Cubana. As&#xED;, junto con Galeano, crece tambi&#xE9;n, evoluciona y se explica ante los ojos del lector la vida cultural, pol&#xED;tica y econ&#xF3;mica del "pa&#xED;s de la serena calma y los recuerdos amables". En un constante intercambio entre fondo y foco, alternan aqu&#xED; Galeano y la historia Am&#xE9;rica Latina, una dando forma siempre a la otra. Un juego de cajas chinas de donde emerge la figura de un hombre pol&#xED;tico, de un periodista, de un escritor que ha entramado como pocos el transcurrir de una vida con la historia grande. </subfield>
  </datafield>
  <datafield tag="590" ind1=" " ind2=" ">
    <subfield code="a">Donaci&#xF3;n febrero 2020</subfield>
  </datafield>
  <datafield tag="655" ind1=" " ind2=" ">
    <subfield code="a">Literatura</subfield>
    <subfield code="9">2917</subfield>
  </datafield>
  <datafield tag="942" ind1=" " ind2=" ">
    <subfield code="2">ddc</subfield>
    <subfield code="c">LIT</subfield>
  </datafield>
  <datafield tag="999" ind1=" " ind2=" ">
    <subfield code="c">3063</subfield>
    <subfield code="d">3063</subfield>
  </datafield>
  <datafield tag="952" ind1=" " ind2=" ">
    <subfield code="0">0</subfield>
    <subfield code="1">0</subfield>
    <subfield code="2">ddc</subfield>
    <subfield code="4">0</subfield>
    <subfield code="7">0</subfield>
    <subfield code="a">BFM</subfield>
    <subfield code="b">BFM</subfield>
    <subfield code="c">CR</subfield>
    <subfield code="d">2020-02-11</subfield>
    <subfield code="e">Donaci&#xF3;n Constanzo Juan Carlos, Febrero 2020</subfield>
    <subfield code="l">0</subfield>
    <subfield code="o">808 46 KOV</subfield>
    <subfield code="p">4614</subfield>
    <subfield code="r">2020-02-11</subfield>
    <subfield code="t">Ej. 1</subfield>
    <subfield code="w">2020-02-11</subfield>
    <subfield code="y">LIT</subfield>
    <subfield code="z">Donaci&#xF3;n Constanzo Juan Carlos, Febrero 2020</subfield>
  </datafield>
</record>
